000 00662nam a2200241 a 4500
999 _c6961
_d6961
001 6961
003 BD-JhCC
005 20180319084643.0
008 180203s1961 e |||| || | 000 0 eng d
035 _a(BD-JhCC)6961
040 _aBD-JhCC
_dBD-JhCC
041 _aeng
082 _a812.5
_bJOH 1961
100 _a Johnson, Samuel,
_c1709-1784
245 _aPoetry & Prose /
_cSamuel Johnson, R. W. Chapman, James Boswell
260 _aLondon :
_bOxford University Press,
_c1961
300 _a188 p. :
_c20 cm.
650 _aPoetry
700 _aChapman, R. W.
_q1881-1960;
700 _aBoswell, James,
_q1740-1795
942 _2ddc
_cBK